Istanbul /

Uloženo v:
Hlavní autor: Stables, Daniel (Autor)
Další autoři: Galandr, Zdeněk, 1964- (Autor)
Médium: Kniha
Jazyk:Czech
Vydáno: V Brně : Lingea, 2025
Vydání:2. vydání
Edice:Průvodce do kapsy (Lingea)
Témata:
Celkem bylo vypůjčeno:0x
Tagy:
Žádné tagy
LEADER 01951cam a2200529 i 4500
001 106678
003 CZ PrNK
005 20260630144047.0
007 ta
008 250811s2025 xr ac e f 001 0 cze d
015 |a cnb003706474 
020 |a 9788077001557  |q (brožováno) 
040 |a TUG001  |b cze  |d ULG001  |d BOA001  |d ABA001  |e rda 
041 1 |a cze  |h eng 
072 7 |a 913(5)  |x Geografie Asie, reálie, cestování  |2 Konspekt  |9 7 
080 |a 913(560)  |2 MRF 
080 |a 913(495-11)+(560-15)  |2 MRF 
080 |a (560)  |2 MRF 
080 |a (495-11)+(560-15)  |2 MRF 
080 |a (036)913  |2 MRF 
100 1 |a Stables, Daniel  |7 xx0265121  |4 aut  |9 116403 
240 1 0 |a Mini rough guide to Istanbul.  |l Česky 
245 1 0 |a Istanbul /  |c autor: Daniel Stables ; překlad: Zdeněk Galandr 
246 1 4 |a Istanbul a egejské pobřeží 
250 |a 2. vydání 
264 1 |a V Brně :  |b Lingea,  |c 2025 
300 |a 139 stran :  |b barevné ilustrace, portréty ;  |c 15 cm 
336 |a text  |b txt  |2 rdacontent 
337 |a bez média  |b n  |2 rdamedia 
338 |a svazek  |b nc  |2 rdacarrier 
490 1 |a Průvodce do kapsy 
500 |a Přeloženo z angličtiny 
500 |a Chronologický přehled 
500 |a Obsahuje rejstřík 
546 |a Český text 
651 7 |a Istanbul (Turecko)  |7 ge129395  |x reálie  |2 czenas 
651 7 |a Egejské moře (oblast)  |7 ge134146  |x reálie  |2 czenas 
651 9 |a Istanbul (Turkey)  |x description and travel  |2 eczenas 
651 9 |a Aegean Sea Region  |x description and travel  |2 eczenas 
655 7 |a turistické průvodce  |7 fd133738  |2 czenas 
655 9 |a tourist guidebooks  |2 eczenas 
700 1 |a Galandr, Zdeněk,  |d 1964-  |7 jo20251275075  |4 trl  |9 117004 
830 0 |a Průvodce do kapsy (Lingea) 
910 |a UOG502 
942 |2 ddc  |c KN 
999 |d 106678 
993 |0 0  |1 421180107402  |2 ddc  |4 0  |6 908_500000000000000  |7 0  |9 100180  |b 0  |c 107402  |d 2026-06-30  |e 0  |f DOSP  |g 908.5  |h 229.00  |i Koupě  |l DOSP  |r 2026-06-30  |t 5  |w 2026-06-30  |y KN  |z NAUCNA  |n